Tri-decade WWE Champions - Statistics

General Stats
  • This quiz has been taken 1,075 times
    1,060 since last reset
  • The average score is 4 of 5
Answer Stats
Decades won Answer % Correct
1980s, 1990s, 2000s Hulk Hogan
96%
1990s, 2000s, 2010s Triple H
83%
1990s, 2000s, 2010s The Rock
81%
2000s, 2010s, 2020s Randy Orton
73%
2000s, 2010s, 2020s Brock Lesnar
64%
No matching quizzes found
Score Distribution
Percent of People with Each Score
Percentile by Number Answered
Your Score History
You have not taken this quiz since the last reset